[Event "ENG-ch Senior Over 50"]
[Site "Kenilworth"]
[Date "2024.05.24"]
[Round "1.1"]
[White "Hebden, Mark L"]
[Black "Henderson, David"]
[Result "1-0"]
[WhiteElo "2395"]
[BlackElo "2082"]
[PlyCount "123"]
[EventDate "2024.05.24"]
[EventType "swiss"]
[EventRounds "7"]
[EventCountry "ENG"]

1. d4 d5 2. c4 e6 3. Nc3 Nf6 4. Bg5 Be7 5. e3 O-O 6. Rc1 b6 7. cxd5 Nxd5 8.
Bxe7 Qxe7 9. Nxd5 exd5 10. Bd3 h6 11. Ne2 Be6 12. Nf4 Rc8 13. O-O Qd6 14. Qa4
c5 15. dxc5 bxc5 16. Rfd1 Nd7 17. Be2 Nf6 18. Bf3 Rc7 19. b3 Rd8 20. h3 Qb6 21.
b4 c4 22. Rd4 Bd7 23. Qa3 Be6 24. Qc3 Rb7 25. a3 Rbd7 26. Rcd1 Qb5 27. g4 Kh8
28. Kg2 Kg8 29. Ne2 Ne4 30. Qc2 Ng5 31. Nc3 Qb7 32. Be2 f6 33. f4 Ne4 34. Nxe4
dxe4 35. Bxc4 Bxc4 36. Qxc4+ Kh8 37. f5 Rxd4 38. Rxd4 Rxd4 39. Qxd4 Qc6 40.
Qxa7 Qc2+ 41. Kg3 Qe2 42. Qa8+ Kh7 43. Qxe4 Qe1+ 44. Kf4 Qf2+ 45. Qf3 Qh2+ 46.
Qg3 Qb2 47. Qe1 Qxa3 48. Qb1 Qc3 49. b5 Qe5+ 50. Kf3 Qd5+ 51. e4 Qc5 52. Qb3
Qg1 53. Qd5 Qb1 54. Ke3 Qe1+ 55. Kd3 Qb4 56. Qc6 Qb3+ 57. Kd4 Qb2+ 58. Kd5 Qe5+
59. Kc4 Qb2 60. Qe6 Qc2+ 61. Kd5 Qd3+ 62. Kc6 1-0

[Event "ENG-ch Senior Over 50"]
[Site "Kenilworth"]
[Date "2024.05.24"]
[Round "1.2"]
[White "Burrows, Martin P"]
[Black "Davies, Nigel R"]
[Result "1/2-1/2"]
[WhiteElo "2008"]
[BlackElo "2332"]
[PlyCount "141"]
[EventDate "2024.05.24"]
[EventType "swiss"]
[EventRounds "7"]
[EventCountry "ENG"]

1. e4 c5 2. Nf3 e6 3. d4 cxd4 4. Nxd4 a6 5. Bd3 Bc5 6. Nb3 Ba7 7. O-O Nc6 8.
Qe2 d6 9. Be3 Bxe3 10. Qxe3 Nf6 11. c4 O-O 12. Nc3 e5 13. Rfd1 Be6 14. Rac1 Qb8
15. h3 b6 16. Rd2 Nd7 17. Be2 Nc5 18. Na1 b5 19. cxb5 axb5 20. Nxb5 Rxa2 21.
Rxd6 Nd4 22. Rxd4 exd4 23. Qxd4 Rxa1 24. Rxa1 Nb3 25. Qa4 Nxa1 26. Qxa1 Qe5 27.
Nc3 Qg5 28. Kf1 Qf4 29. Kg1 Qd2 30. Bf3 Rb8 31. Nd1 h6 32. Qa7 Qe1+ 33. Kh2 Rd8
34. Qa4 Qd2 35. b4 Qf4+ 36. Kg1 Bxh3 37. Ne3 Be6 38. b5 Qc7 39. g3 Qb7 40. Qa6
Rb8 41. Qxb7 Rxb7 42. Be2 Kf8 43. Nc2 Ke7 44. Nd4 Kd6 45. f4 Bd7 46. Kf2 Kc5
47. Ke3 Ra7 48. Nb3+ Kb4 49. Nd4 Ra3+ 50. Bd3 Kc5 51. e5 Bh3 52. Nc2 Rb3 53.
Nd4 Rb4 54. Nc6 Rb3 55. Nd4 Ra3 56. Nc2 Ra2 57. f5 Ra4 58. Kf3 Bg4+ 59. Kf2 h5
60. Ne3 Ra2+ 61. Ke1 Kd4 62. Bc4 Rb2 63. Nxg4 hxg4 64. e6 fxe6 65. fxe6 Rb1+
66. Kf2 Rb2+ 67. Ke1 Rb1+ 68. Kf2 Rb2+ 69. Ke1 Rh2 70. e7 Rh8 71. Bf7 1/2-1/2

[Event "ENG-ch Senior Over 50"]
[Site "Kenilworth"]
[Date "2024.05.24"]
[Round "1.3"]
[White "Wells, Peter K"]
[Black "Paterson, Andrew I"]
[Result "1-0"]
[WhiteElo "2348"]
[BlackElo "2034"]
[PlyCount "57"]
[EventDate "2024.05.24"]
[EventType "swiss"]
[EventRounds "7"]
[EventCountry "ENG"]

1. d4 e6 2. Nf3 d5 3. g3 Nf6 4. Bg2 c5 5. c4 Nc6 6. O-O Be7 7. dxc5 Bxc5 8.
cxd5 Nxd5 9. Qc2 Qe7 10. a3 Bd7 11. e4 Nb6 12. e5 Rc8 13. Qe4 Nd5 14. Bg5 f6
15. exf6 gxf6 16. Bd2 Qf7 17. Nc3 Nce7 18. Rac1 O-O 19. Rfe1 Nxc3 20. Bxc3 Nd5
21. Bd4 Bxd4 22. Nxd4 Rxc1 23. Rxc1 Kh8 24. Qc2 Rc8 25. Qxc8+ Bxc8 26. Rxc8+
Kg7 27. Bxd5 Qh5 28. Nxe6+ Kh6 29. Nf4 1-0

[Event "ENG-ch Senior Over 50"]
[Site "Kenilworth"]
[Date "2024.05.24"]
[Round "1.4"]
[White "Byron, Alan M"]
[Black "Ledger, Andrew J"]
[Result "0-1"]
[WhiteElo "2075"]
[BlackElo "2335"]
[PlyCount "110"]
[EventDate "2024.05.24"]
[EventType "swiss"]
[EventRounds "7"]
[EventCountry "ENG"]

1. d4 Nf6 2. c4 g6 3. Nf3 Bg7 4. g3 O-O 5. Bg2 d6 6. O-O Nc6 7. Nc3 e5 8. d5
Nb8 9. e4 a5 10. Ne1 Na6 11. Nd3 Nd7 12. Be3 Ndc5 13. Qd2 Nxd3 14. Qxd3 f5 15.
f3 f4 16. Bf2 h5 17. Rfd1 b6 18. Ne2 Nc5 19. Qd2 g5 20. gxf4 exf4 21. Bd4 Nd7
22. Bxg7 Kxg7 23. Nd4 Ne5 24. Nc6 Nxc6 25. dxc6 Qf6 26. Qd4 Be6 27. Bf1 Qxd4+
28. Rxd4 Kf6 29. Re1 Ke5 30. Rd2 Rg8 31. b3 g4 32. Kf2 Raf8 33. Bg2 Rg5 34. a4
Rfg8 35. Rh1 Kf6 36. Rd3 Bf7 37. Rd2 Be8 38. h3 gxf3 39. Bxf3 Re5 40. Rg1 Rxg1
41. Kxg1 Bxc6 42. Re2 Rg5+ 43. Kf2 Ke5 44. h4 Rg3 45. Bxh5 Bxe4 46. Bf7 Rg2+
47. Kf1 Rxe2 48. Kxe2 Bc2 49. h5 Bxb3 50. h6 Kf6 51. Be8 Bxc4+ 52. Kf3 b5 53.
Kxf4 b4 54. Ke3 c5 55. Kd2 Bg8 0-1

[Event "ENG-ch Senior Over 50"]
[Site "Kenilworth"]
[Date "2024.05.24"]
[Round "1.5"]
[White "Dishman, Stephen"]
[Black "Alldritt, Nigel RE"]
[Result "1-0"]
[WhiteElo "2294"]
[BlackElo "1983"]
[PlyCount "41"]
[EventDate "2024.05.24"]
[EventType "swiss"]
[EventRounds "7"]
[EventCountry "ENG"]

1. Nf3 Nf6 2. c4 g6 3. Nc3 d5 4. cxd5 Nxd5 5. Qb3 Nb6 6. d4 Be6 7. Qc2 Nc6 8.
e4 Bg4 9. d5 Nb8 10. Ne5 Bd7 11. Bf4 Bg7 12. O-O-O O-O 13. h4 h5 14. Be2 Qe8
15. g4 Bxe5 16. Bxe5 f6 17. Bd4 hxg4 18. Rdg1 e5 19. dxe6 Bxe6 20. Bxg4 Kh7 21.
h5 1-0

[Event "ENG-ch Senior Over 50"]
[Site "Kenilworth"]
[Date "2024.05.24"]
[Round "1.6"]
[White "Homer, Stephen J"]
[Black "Pitcher, John"]
[Result "1/2-1/2"]
[WhiteElo "1998"]
[BlackElo "2182"]
[PlyCount "94"]
[EventDate "2024.05.24"]
[EventType "swiss"]
[EventRounds "7"]
[EventCountry "ENG"]

1. e4 c5 2. Nf3 e6 3. d4 cxd4 4. Nxd4 Nc6 5. Bf4 d6 6. Nxc6 bxc6 7. c4 e5 8.
Be3 Nf6 9. Nc3 Ng4 10. Bc1 Be7 11. Be2 Nf6 12. O-O O-O 13. Be3 Be6 14. b4 Qc7
15. Rc1 Qb7 16. b5 cxb5 17. Nxb5 Rfd8 18. f3 Ne8 19. Nc3 Rdc8 20. Nd5 Bd8 21.
Rb1 Qd7 22. Qd2 Rab8 23. Rb2 Ba5 24. Qc2 Bxd5 25. exd5 Bb6 26. Bxb6 Rxb6 27.
Rxb6 axb6 28. Rb1 Qa7 29. Kf1 Nc7 30. Qb3 Rb8 31. a4 Qa5 32. Qa3 Rd8 33. Qb4
Qxb4 34. Rxb4 Na8 35. Ke1 Kf8 36. Kd2 Ke7 37. g4 h6 38. h4 Kd7 39. Rb1 Kc7 40.
Rg1 g6 41. h5 g5 42. Kd3 Kd7 43. Rb1 Rc8 44. Ke4 Ke7 45. Kf5 Rc5 46. Rb5 Rc7
47. Rb4 Ra7 1/2-1/2

[Event "ENG-ch Senior Over 50"]
[Site "Kenilworth"]
[Date "2024.05.24"]
[Round "1.7"]
[White "Bradbury, Neil H"]
[Black "Hymer, Barry J"]
[Result "1-0"]
[WhiteElo "2182"]
[BlackElo "1943"]
[PlyCount "97"]
[EventDate "2024.05.24"]
[EventType "swiss"]
[EventRounds "7"]
[EventCountry "ENG"]

1. d4 Nf6 2. Nf3 c5 3. d5 b5 4. e3 Bb7 5. c4 g6 6. Be2 Bg7 7. O-O O-O 8. a4 b4
9. Nbd2 d6 10. Rb1 Nbd7 11. b3 e6 12. e4 Nh5 13. Re1 e5 14. Bf1 f5 15. exf5
gxf5 16. Nxe5 Bxe5 17. Qxh5 Nf6 18. Qxf5 Bc8 19. Qg5+ Kh8 20. Rxe5 Rg8 21. Qf4
dxe5 22. Qxe5 Re8 23. Qf4 Kg8 24. Bb2 Nh5 25. Qh6 Bf5 26. Qxh5 Bxb1 27. Nxb1
Qd6 28. Qd1 Re7 29. Nd2 Rae8 30. Nf3 Qf4 31. g3 Qg4 32. h3 Qh5 33. g4 Qh6 34.
Kg2 Qf4 35. Bd3 h5 36. Bc1 Qd6 37. Bg5 hxg4 38. hxg4 Rg7 39. Bf5 a6 40. Qd2 Kf7
41. Be6+ Rxe6 42. dxe6+ Qxe6 43. Qf4+ Kg8 44. Ne5 Qe8 45. Bf6 Qa8+ 46. f3 Rh7
47. Qg5+ Kf8 48. Qf5 Qb7 49. Be7+ 1-0

[Event "ENG-ch Senior Over 50"]
[Site "Kenilworth"]
[Date "2024.05.24"]
[Round "1.8"]
[White "Gardiner, Eric D"]
[Black "Willmoth, Robert F"]
[Result "0-1"]
[WhiteElo "1915"]
[BlackElo "2118"]
[PlyCount "80"]
[EventDate "2024.05.24"]
[EventType "swiss"]
[EventRounds "7"]
[EventCountry "ENG"]

1. e4 d6 2. d4 Nf6 3. Nc3 g6 4. f4 Bg7 5. Nf3 O-O 6. Bd3 Nc6 7. O-O e5 8. fxe5
dxe5 9. d5 Nd4 10. Qe1 Nxf3+ 11. Rxf3 Ne8 12. Qg3 Nd6 13. Be3 Bd7 14. Raf1 b6
15. Bg5 f6 16. Bc1 b5 17. Qh4 Qe7 18. Nd1 c5 19. dxc6 Bxc6 20. Ne3 g5 21. Qg4
Qf7 22. Rh3 Bd7 23. Nf5 Bxf5 24. exf5 Qxa2 25. Bxg5 fxg5 26. f6 Rxf6 27. Rxf6
Bxf6 28. Bxh7+ Kg7 29. Qd7+ Nf7 30. Be4 Rd8 31. Rh7+ Kf8 32. Qf5 Qb1+ 33. Kf2
Rd2+ 34. Kg3 Qe1+ 35. Kh3 Qe3+ 36. g3 g4+ 37. Kxg4 Nh6+ 38. Rxh6 Qxh6 39. Qc8+
Rd8 40. Qc5+ Be7 0-1

[Event "ENG-ch Senior Over 50"]
[Site "Kenilworth"]
[Date "2024.05.24"]
[Round "1.9"]
[White "Townsend, M Paul"]
[Black "Ali, Golam S"]
[Result "1-0"]
[WhiteElo "2150"]
[BlackElo "1956"]
[PlyCount "59"]
[EventDate "2024.05.24"]
[EventType "swiss"]
[EventRounds "7"]
[EventCountry "ENG"]

1. c4 c5 2. g3 Nf6 3. Bg2 Nc6 4. Nc3 g6 5. e3 Bg7 6. Nge2 Ne5 7. d3 O-O 8. O-O
d6 9. h3 Bf5 10. e4 Bd7 11. f4 Nc6 12. Be3 Qc8 13. g4 Bxg4 14. hxg4 Nxg4 15.
Bd2 Nd4 16. Bh3 h5 17. Nxd4 Bxd4+ 18. Kg2 f5 19. Bxg4 fxg4 20. Nd5 Qd8 21. e5
e6 22. Nf6+ Rxf6 23. exf6 Qxf6 24. Qe2 Rf8 25. Rae1 Re8 26. Bc3 Bxc3 27. bxc3
Qxc3 28. f5 e5 29. fxg6 h4 30. Qf2 1-0

[Event "ENG-ch Senior Over 50"]
[Site "Kenilworth"]
[Date "2024.05.24"]
[Round "1.10"]
[White "Walley, A Clive"]
[Black "Crocker, Philip J"]
[Result "0-1"]
[WhiteElo "1885"]
[BlackElo "2103"]
[PlyCount "107"]
[EventDate "2024.05.24"]
[EventType "swiss"]
[EventRounds "7"]
[EventCountry "ENG"]

1. e4 e5 2. Nf3 Nc6 3. Bb5 a6 4. Ba4 Nf6 5. O-O d6 6. Re1 Bd7 7. c3 g6 8. d3
Bg7 9. Nbd2 O-O 10. Nf1 h6 11. Ng3 Kh8 12. h3 Nh7 13. d4 Qe8 14. dxe5 dxe5 15.
Be3 Rd8 16. Qc1 h5 17. Bc5 Rg8 18. Bc2 Be6 19. Qe3 Na5 20. b3 b6 21. Bb4 Nb7
22. c4 f6 23. Rad1 c5 24. Bc3 Bf7 25. Nf1 Nf8 26. Rxd8 Nxd8 27. Qe2 Nc6 28. Ne3
Nd4 29. Qd1 Nfe6 30. Nd5 Qd8 31. Bxd4 Nxd4 32. Nxd4 cxd4 33. Bd3 Qd6 34. Qd2
Kh7 35. Qb4 Qxb4 36. Nxb4 a5 37. Nd5 Bxd5 38. cxd5 Rc8 39. Bc4 Bf8 40. a4 Bd6
41. Kf1 Kh6 42. Ke2 f5 43. f3 h4 44. Rg1 Kg5 45. g3 hxg3 46. Rxg3+ Kf6 47. Kd1
Rh8 48. Bf1 Rh4 49. Bg2 Rh8 50. Bf1 Rh4 51. Bg2 Bb4 52. Ke2 d3+ 53. Kd1 Rf4 54.
Bh1 0-1

[Event "ENG-ch Senior Over 50"]
[Site "Kenilworth"]
[Date "2024.05.24"]
[Round "1.11"]
[White "Ciuravin, Andrei"]
[Black "Faulkner, Martin J"]
[Result "1-0"]
[WhiteElo "2046"]
[BlackElo "1825"]
[PlyCount "105"]
[EventDate "2024.05.24"]
[EventType "swiss"]
[EventRounds "7"]
[EventCountry "ENG"]

1. d4 Nf6 2. Bg5 d5 3. Bxf6 gxf6 4. g3 e6 5. Bg2 Nd7 6. e3 c6 7. Nc3 Bg7 8.
Nge2 f5 9. Nf4 Nf6 10. O-O O-O 11. Nd3 Qc7 12. Ne2 Rd8 13. Qc1 Bd7 14. b3 Be8
15. c4 Rdc8 16. Qc2 Rab8 17. Rfc1 Qd8 18. Rab1 Bf8 19. c5 Ne4 20. b4 b5 21. a4
a6 22. Ra1 Ra8 23. Ra2 Rcb8 24. Rca1 Qc8 25. Ra3 Be7 26. Qa2 Qb7 27. Bf1 bxa4
28. f3 Nf6 29. Rxa4 Ra7 30. Rxa6 Rxa6 31. Qxa6 Qc7 32. Nc3 Bd7 33. Qa5 Qb7 34.
Qa3 Ne8 35. Qb3 Nc7 36. Ra4 f6 37. Qa2 Qc8 38. Ra7 Qd8 39. Qa5 Rc8 40. f4 Be8
41. Be2 Kf8 42. Nb2 e5 43. Bd3 e4 44. Be2 h5 45. h4 Ne6 46. Nba4 Qxa5 47. bxa5
Rb8 48. Nb6 Bd8 49. Na2 Nc7 50. Kf2 Kg7 51. Nb4 Kg6 52. Ke1 Bf7 53. Nxc6 1-0

[Event "ENG-ch Senior Over 50"]
[Site "Kenilworth"]
[Date "2024.05.24"]
[Round "1.12"]
[White "Donnelly, Andrew J"]
[Black "Thompson, Ian D"]
[Result "0-1"]
[WhiteElo "1782"]
[BlackElo "1990"]
[PlyCount "114"]
[EventDate "2024.05.24"]
[EventType "swiss"]
[EventRounds "7"]
[EventCountry "ENG"]

1. Nf3 d5 2. g3 Bg4 3. Bg2 Nd7 4. d4 Ngf6 5. O-O e6 6. c4 c6 7. Nbd2 Be7 8. b3
O-O 9. Bb2 h6 10. Rc1 Rc8 11. Re1 c5 12. Ne5 Bh5 13. Ndf3 cxd4 14. Bxd4 Ba3 15.
Rc2 dxc4 16. Rxc4 Rxc4 17. Nxc4 Bb4 18. Rf1 Qb8 19. Qa1 Rd8 20. a3 Bf8 21. Re1
Bg6 22. Nfe5 Bh7 23. Nd3 Be4 24. Bxe4 Nxe4 25. f3 Nec5 26. Nxc5 Nxc5 27. Be5
Qc8 28. Qb2 f6 29. Bc3 Na4 30. bxa4 Qxc4 31. Rc1 Qc5+ 32. Kg2 Qxa3 33. Rb1 Qxb2
34. Rxb2 b6 35. a5 Bc5 36. f4 Rd1 37. e4 Rc1 38. Bd2 Rg1+ 39. Kf3 Rf1+ 40. Kg4
Rf2 41. axb6 axb6 42. Bc3 Kf7 43. Rxf2 Bxf2 44. f5 g6 45. Kf3 Bc5 46. g4 Ba3
47. Bd2 h5 48. gxh5 gxh5 49. Kg3 b5 50. Kh4 e5 51. Kxh5 b4 52. Kg4 b3 53. Bc3
b2 54. Bxb2 Bxb2 55. h4 Bc1 56. Kh5 Kg7 57. Kg4 Kh6 0-1

[Event "ENG-ch Senior Over 50"]
[Site "Kenilworth"]
[Date "2024.05.24"]
[Round "1.13"]
[White "Mason, Donald J"]
[Black "Drugan, Mark A"]
[Result "1-0"]
[WhiteElo "1984"]
[BlackElo "1779"]
[PlyCount "65"]
[EventDate "2024.05.24"]
[EventType "swiss"]
[EventRounds "7"]
[EventCountry "ENG"]

1. e4 e5 2. Nf3 Nc6 3. Bc4 Nf6 4. d3 Bc5 5. c3 d6 6. Bg5 h6 7. Bh4 Be6 8. Bb5
Bd7 9. O-O g5 10. Bg3 a6 11. Bxc6 Bxc6 12. d4 exd4 13. cxd4 Bb6 14. Nc3 Nh5 15.
d5 Nxg3 16. hxg3 Bd7 17. e5 O-O 18. Ne4 dxe5 19. Nxe5 Bf5 20. Qf3 Bxe4 21. Qxe4
Re8 22. Rfe1 Qc8 23. Qf3 Re7 24. Qf6 Qf8 25. Ng4 Rxe1+ 26. Rxe1 Qg7 27. Nxh6+
Kh7 28. Qxf7 Bxf2+ 29. Qxf2 Kxh6 30. Re6+ Kh7 31. Qf5+ Kh8 32. Rg6 Rf8 33. Qh3+
1-0

[Event "ENG-ch Senior Over 50"]
[Site "Kenilworth"]
[Date "2024.05.25"]
[Round "2.1"]
[White "Crocker, Philip J"]
[Black "Hebden, Mark L"]
[Result "0-1"]
[WhiteElo "2103"]
[BlackElo "2395"]
[PlyCount "124"]
[EventDate "2024.05.24"]
[EventType "swiss"]
[EventRounds "7"]
[EventCountry "ENG"]

1. c4 g6 2. g3 Bg7 3. Bg2 Nf6 4. Nc3 O-O 5. Nf3 d6 6. d4 c5 7. O-O Nc6 8. d5
Na5 9. Nd2 e6 10. Rb1 Re8 11. b3 exd5 12. cxd5 Bd7 13. Bb2 b5 14. Qc2 b4 15.
Nce4 Nxe4 16. Nxe4 Bf5 17. Bxg7 Kxg7 18. Qb2+ f6 19. Ng5 Bxb1 20. Rxb1 Qb6 21.
Ne6+ Rxe6 22. dxe6 Re8 23. Bd5 Nc6 24. Qd2 Nd4 25. Qe3 Qa6 26. Rb2 Qc8 27. Qf4
Qd8 28. Rd2 Nxe6 29. Bxe6 Rxe6 30. Qf3 Qe7 31. e3 f5 32. Qd5 h5 33. h4 Rf6 34.
Qc6 Kh6 35. Rd1 g5 36. hxg5+ Kxg5 37. Qd5 Kh6 38. Qg8 Qe6 39. Qh8+ Kg6 40. Kh2
a5 41. Rh1 Rf7 42. Qg8+ Kf6 43. Qh8+ Ke7 44. Kg1 a4 45. Qb8 axb3 46. axb3 Qxb3
47. Qc7+ Ke6 48. Qc8+ Ke5 49. Rh4 Qe6 50. f4+ Kf6 51. Qh8+ Ke7 52. Kf2 Qa2+ 53.
Kf3 Qb1 54. Kf2 Qc2+ 55. Kf3 b3 56. Rxh5 b2 57. Rh7 Qe4+ 58. Kf2 b1=Q 59. Rxf7+
Kxf7 60. Qh7+ Ke6 61. Qg8+ Kd7 62. Qf7+ Kc6 0-1

[Event "ENG-ch Senior Over 50"]
[Site "Kenilworth"]
[Date "2024.05.25"]
[Round "2.2"]
[White "Thompson, Ian D"]
[Black "Wells, Peter K"]
[Result "0-1"]
[WhiteElo "1990"]
[BlackElo "2348"]
[PlyCount "44"]
[EventDate "2024.05.24"]
[EventType "swiss"]
[EventRounds "7"]
[EventCountry "ENG"]

1. c4 Nf6 2. Nc3 e5 3. Nf3 Nc6 4. g3 Nd4 5. Bg2 Nxf3+ 6. Bxf3 Bb4 7. Qc2 O-O 8.
a3 Bxc3 9. Qxc3 e4 10. Bg2 d5 11. cxd5 Re8 12. d3 Nxd5 13. Qc2 Nb4 14. Qc3 Nc2+
15. Qxc2 exd3 16. Bg5 Qxg5 17. Qxd3 Bg4 18. e3 Rad8 19. Qc3 Qb5 20. Qc2 Re7 21.
a4 Qa6 22. Bf1 Qa5+ 0-1

[Event "ENG-ch Senior Over 50"]
[Site "Kenilworth"]
[Date "2024.05.25"]
[Round "2.3"]
[White "Ledger, Andrew J"]
[Black "Townsend, M Paul"]
[Result "1/2-1/2"]
[WhiteElo "2335"]
[BlackElo "2150"]
[PlyCount "69"]
[EventDate "2024.05.24"]
[EventType "swiss"]
[EventRounds "7"]
[EventCountry "ENG"]

1. e4 e6 2. d4 d5 3. Nd2 c5 4. Ngf3 Nc6 5. exd5 exd5 6. Bb5 Qe7+ 7. Be2 Qc7 8.
dxc5 Bxc5 9. Nb3 Be7 10. O-O Nf6 11. Bg5 O-O 12. c3 Rd8 13. Nbd4 Ne4 14. Bxe7
Qxe7 15. Re1 Qf6 16. h3 Bf5 17. Nxf5 Qxf5 18. Qc2 Rac8 19. Rad1 Qf4 20. Bb5 Nf6
21. Bxc6 bxc6 22. Re7 Rc7 23. Qe2 Qd6 24. Rxc7 Qxc7 25. Re1 h6 26. Qd3 Qb6 27.
b4 a5 28. Qd4 Qa6 29. a3 axb4 30. axb4 Rc8 31. Ne5 Re8 32. Re3 Ne4 33. f3 Nd6
34. Nd7 Qc8 35. Rxe8+ 1/2-1/2

[Event "ENG-ch Senior Over 50"]
[Site "Kenilworth"]
[Date "2024.05.25"]
[Round "2.4"]
[White "Brett, Andrew R"]
[Black "Dishman, Stephen"]
[Result "0-1"]
[WhiteElo "2044"]
[BlackElo "2294"]
[PlyCount "116"]
[EventDate "2024.05.24"]
[EventType "swiss"]
[EventRounds "7"]
[EventCountry "ENG"]

1. c4 c6 2. Nf3 d5 3. g3 Bg4 4. cxd5 Bxf3 5. exf3 cxd5 6. Qb3 Qd7 7. d4 Nc6 8.
Be3 e6 9. f4 Bb4+ 10. Nc3 Nge7 11. Bd3 O-O 12. O-O Bxc3 13. Qxc3 Rfc8 14. Qd2
Nf5 15. Be2 Qc7 16. Rac1 Qb6 17. Rfd1 Rc7 18. Rc3 Rac8 19. Kf1 Nd6 20. f3 Na5
21. Rxc7 Qxc7 22. b3 g6 23. Bd3 Qc3 24. Qe2 Nc6 25. Bb1 Qb4 26. f5 Nxf5 27.
Bxf5 exf5 28. Bh6 Qe7 29. Qd2 Re8 30. h4 f6 31. Bf4 Qb4 32. Qd3 a6 33. Kf2 Kf7
34. h5 Qb5 35. hxg6+ hxg6 36. Qd2 g5 37. Be3 Rh8 38. Kg2 Nd8 39. Qc2 Ne6 40.
Bf2 f4 41. g4 Qc6 42. Qd2 Rc8 43. Qe1 Qc2 44. Rd2 Qc3 45. Qe2 Ng7 46. Rd3 Qc2
47. Rd2 Qh7 48. Bg1 Re8 49. Qd1 Rh8 50. Kf1 Qh3+ 51. Rg2 Rc8 52. Kf2 Rc3 53.
Bh2 Qh7 54. Kg1 Qd3 55. Qe1 Qxd4+ 56. Kh1 Qe3 57. Re2 Qxf3+ 58. Kg1 Re3 0-1

[Event "ENG-ch Senior Over 50"]
[Site "Kenilworth"]
[Date "2024.05.25"]
[Round "2.5"]
[White "Tuke, David"]
[Black "Bradbury, Neil H"]
[Result "0-1"]
[WhiteElo "1600"]
[BlackElo "2182"]
[PlyCount "70"]
[EventDate "2024.05.24"]
[EventType "swiss"]
[EventRounds "7"]
[EventCountry "ENG"]

1. d4 Nf6 2. Nf3 e6 3. c4 Bb4+ 4. Bd2 Qe7 5. a3 Bxd2+ 6. Nbxd2 d6 7. e3 e5 8.
dxe5 dxe5 9. e4 O-O 10. Be2 a5 11. O-O Nbd7 12. Qc2 a4 13. Rfe1 Nc5 14. h3 Bd7
15. Bf1 Bc6 16. Re3 Rfe8 17. Rae1 Bd7 18. g3 h6 19. Bg2 g6 20. Kh1 Nh7 21. Ng1
Ng5 22. Qc3 Qd6 23. h4 Nh7 24. Bh3 Bc6 25. Bg2 Rad8 26. Nb1 Nf6 27. Qc2 Nfxe4
28. Bxe4 Nxe4 29. Kh2 Nf6 30. R3e2 Ng4+ 31. Kh3 Qe6 32. Qc3 Rd3 33. Qc1 Nxf2+
34. Kh2 Rxg3 35. Rxf2 Qg4 0-1

[Event "ENG-ch Senior Over 50"]
[Site "Kenilworth"]
[Date "2024.05.25"]
[Round "2.6"]
[White "Willmoth, Robert F"]
[Black "Ciuravin, Andrei"]
[Result "1/2-1/2"]
[WhiteElo "2118"]
[BlackElo "2046"]
[PlyCount "70"]
[EventDate "2024.05.24"]
[EventType "swiss"]
[EventRounds "7"]
[EventCountry "ENG"]

1. d4 e6 2. Nf3 b6 3. g3 Bb7 4. Bg2 Nf6 5. O-O c5 6. c4 cxd4 7. Nxd4 Bxg2 8.
Kxg2 Qc8 9. b3 Be7 10. Bb2 O-O 11. Nc3 Qb7+ 12. f3 d5 13. cxd5 Nxd5 14. Nxd5
Qxd5 15. e4 Qb7 16. Rc1 Na6 17. Qe2 Rac8 18. a3 Nb8 19. b4 Nc6 20. Nxc6 Rxc6
21. Rxc6 Qxc6 22. Rc1 Qd7 23. Rd1 Qc7 24. Qd3 Rd8 25. Qc3 Qxc3 26. Rxd8+ Bxd8
27. Bxc3 b5 28. Kf2 Bc7 29. f4 f6 30. e5 Kf7 31. exf6 gxf6 32. Ke3 f5 33. h3 h5
34. Bd4 a5 35. bxa5 Ke8 1/2-1/2

[Event "ENG-ch Senior Over 50"]
[Site "Kenilworth"]
[Date "2024.05.25"]
[Round "2.7"]
[White "Davies, Nigel R"]
[Black "Mason, Donald J"]
[Result "1-0"]
[WhiteElo "2332"]
[BlackElo "1984"]
[PlyCount "53"]
[EventDate "2024.05.24"]
[EventType "swiss"]
[EventRounds "7"]
[EventCountry "ENG"]

1. d4 Nf6 2. Nf3 g6 3. Bg5 Bg7 4. Nbd2 O-O 5. c3 d6 6. e3 h6 7. Bh4 g5 8. Bg3
Nh5 9. Bd3 e6 10. Ng1 Nxg3 11. hxg3 f5 12. g4 Nc6 13. gxf5 exf5 14. Ne2 Be6 15.
Qc2 Ne7 16. Ng3 c5 17. Nh5 cxd4 18. Nxg7 Kxg7 19. exd4 Rc8 20. Nf1 Nd5 21. Be2
Nf4 22. Bf3 Bc4 23. O-O-O Qa5 24. Ne3 Bxa2 25. d5 Bc4 26. g3 Nd3+ 27. Rxd3 1-0

[Event "ENG-ch Senior Over 50"]
[Site "Kenilworth"]
[Date "2024.05.25"]
[Round "2.8"]
[White "Pitcher, John"]
[Black "Regan, Natasha K"]
[Result "1-0"]
[WhiteElo "2182"]
[BlackElo "2007"]
[PlyCount "101"]
[EventDate "2024.05.24"]
[EventType "swiss"]
[EventRounds "7"]
[EventCountry "ENG"]

1. e4 Nf6 2. e5 Nd5 3. d4 d6 4. c4 Nb6 5. exd6 exd6 6. Nc3 Be7 7. Bd3 Nc6 8.
Nge2 Bg4 9. f3 Bh4+ 10. g3 Bxf3 11. O-O Nxd4 12. gxh4 Qxh4 13. Qd2 Qg4+ 14. Ng3
O-O 15. Qf4 h5 16. Be3 Qxf4 17. Bxf4 Bg4 18. Kg2 h4 19. Nge4 Ne6 20. h3 Bh5 21.
Be3 Nd7 22. b3 a6 23. Rae1 Rae8 24. Nd5 f6 25. Nec3 c6 26. Nf4 Nxf4+ 27. Rxf4
Ne5 28. Bf5 g6 29. Bc2 g5 30. Rff1 Kg7 31. Bb6 Re7 32. Re3 Ref7 33. Bf5 Bg6 34.
Ne4 Bxf5 35. Rxf5 d5 36. cxd5 cxd5 37. Nc3 Rd7 38. Bd4 Nc6 39. Rxg5+ Kh6 40.
Rg4 Kh5 41. Rf3 f5 42. Rgf4 Rg8+ 43. Kf2 Ne7 44. Bf6 Kg6 45. Bxe7 d4 46. Bb4 d3
47. Rxf5 d2 48. Rf6+ Kg7 49. Rd6 Rxd6 50. Bxd6 Rd8 51. Rd3 1-0

[Event "ENG-ch Senior Over 50"]
[Site "Kenilworth"]
[Date "2024.05.25"]
[Round "2.9"]
[White "Matthews, Adrian MS"]
[Black "Burrows, Martin P"]
[Result "0-1"]
[WhiteElo "1847"]
[BlackElo "2008"]
[PlyCount "74"]
[EventDate "2024.05.24"]
[EventType "swiss"]
[EventRounds "7"]
[EventCountry "ENG"]

1. e4 c5 2. c3 d5 3. exd5 Qxd5 4. d4 e6 5. Nf3 Nf6 6. Bd3 Be7 7. O-O O-O 8. h3
cxd4 9. cxd4 Nc6 10. Nc3 Qd6 11. Be3 b6 12. Rc1 Bb7 13. Re1 Nb4 14. Nb5 Qd8 15.
Bb1 Nbd5 16. Ne5 Nxe3 17. fxe3 a6 18. Nc3 Bd6 19. Ng4 Nxg4 20. Qxg4 Bc7 21. Qh5
f5 22. a3 Qd6 23. d5 Qh2+ 24. Kf1 Bg3 25. Qf3 Bxe1 26. Rxe1 Rad8 27. Ba2 Kh8
28. Qf4 Qxf4+ 29. exf4 Bxd5 30. Bxd5 exd5 31. Re6 d4 32. Nb1 Rf6 33. Re5 Rc6
34. Nd2 Rc2 35. Ke2 g6 36. Re7 d3+ 37. Ke3 Rxb2 0-1

[Event "ENG-ch Senior Over 50"]
[Site "Kenilworth"]
[Date "2024.05.25"]
[Round "2.10"]
[White "James, Russell A"]
[Black "Homer, Stephen J"]
[Result "1-0"]
[WhiteElo "1987"]
[BlackElo "1998"]
[PlyCount "111"]
[EventDate "2024.05.24"]
[EventType "swiss"]
[EventRounds "7"]
[EventCountry "ENG"]

1. e4 c5 2. Nf3 d6 3. d4 cxd4 4. Nxd4 Nf6 5. Nc3 a6 6. Bc4 e6 7. O-O b5 8. Bb3
Be7 9. Qf3 Qc7 10. Qg3 O-O 11. Bh6 Ne8 12. Rad1 Bd7 13. f4 Nc6 14. Nxc6 Bxc6
15. f5 Kh8 16. fxe6 gxh6 17. exf7 Nf6 18. Kh1 b4 19. Nd5 Bxd5 20. Bxd5 Nxd5 21.
exd5 Qc4 22. Rde1 Qh4 23. Qf3 Ra7 24. Re4 Qg5 25. h4 Qxd5 26. Qe3 Bf6 27. Rxf6
Raxf7 28. Rxf7 Qxf7 29. Qd4+ Qf6 30. Qxf6+ Rxf6 31. Rxb4 Kg7 32. Kg1 Kg6 33.
Rb6 a5 34. Ra6 Rf5 35. Rxd6+ Kh5 36. Rd4 Re5 37. Kf2 Rf5+ 38. Ke3 Rf1 39. Ra4
Rg1 40. Kf2 Rb1 41. Rxa5+ Kxh4 42. Rb5 Rd1 43. Rb4+ Kg5 44. Rc4 h5 45. a4 Ra1
46. Rc5+ Kg4 47. a5 h4 48. b3 Rd1 49. Rc4+ Kg5 50. a6 Rd2+ 51. Kf3 Rd7 52. Ra4
Rf7+ 53. Ke2 Re7+ 54. Kf2 Rf7+ 55. Kg1 Ra7 56. Kh2 1-0